00397nam a22001457a 450000500170000001000150001702000250003203500130005703700130007008200120008324500320009526000490012727000510017630000240022720100813104517.0 aENG-100168 a9788170589143c90.00 aEN-83700 bDBAD/PUB a181.499 aFlammenworte Sri Aurbindo / aPondicherrybSri Aurobindo Asram Trustc2009 aSri Aurobindo Asram TrustbPondicherrye605002 a[82] p.c17cm (Pbk)